Sports Quiz

Random Sports Quiz

The Claudio Ranieri Quiz Stats

 Plays Quiz not verified by Sporcle

Score 0/15 Timer 02:30
0 Plays Today
Question Answer Wrong Answers
At which ground did Fulham meet Ranieri's Chelsea in the 2002 FA Cup Semi Final? Villa Park
66.6%
St Andrew's
9%
The Hawthorns
6.8%
Highbury
13.2%
Who tweeted 'Claudio Ranieri? Really?' when Leicester City appointed the Italian? Gary Lineker
62.5%
Jamie Vardy
5.9%
Robbie Savage
8.8%
Piers Morgan
9.4%
Which side did Ranieri first manage in Serie A? Cagliari
58.5%
Juventus
8%
Inter Milan
10.6%
Lecce
22%
How many league matches did Leicester lose en route to the 2015/16 title? 3
46.7%
1
6%
5
25.7%
8
5.5%
In which city was Claudio Ranieri born? Rome
44.2%
Athens
1.8%
Milan
17.5%
Naples
36.4%
Which former Fulham player did Ranieri manage at Nantes? Alexander Kačaniklić
42.6%
Ragnar Sigurdsson
13.1%
Eyong Enoh
11.1%
Lasse Vigen Christensen
11.9%
Which was the first side that he took charge of outside of Italy? Valencia
34.2%
Atletico Madrid
13.7%
Chelsea
32%
Monaco
19.4%
What did Ranieri win in his first season with Monaco? Ligue 2
33.5%
Ligue 1
27.9%
Europa League
14.5%
European Super Cup
13.4%
Which of these clubs did he NOT represent during his playing career? Perugia
31.2%
AS Roma
23.6%
Palermo
17.7%
Catania
26.8%
What was the score the first time Fulham faced a Ranieri team? Fulham 1-1 Chelsea
30.4%
Fulham 1-2 Chelsea
32.2%
Fulham 2-2 Chelsea
16.7%
Fulham 2-3 Chelsea
18.9%
Which of these future Fulham players did he NOT sign for Chelsea? Eidur Gudjohnsen
27.9%
Alexey Smertin
28.4%
Wayne Bridge
21.5%
Damien Duff
20.8%
Who was sent off for Fulham in our 1-1 draw with Ranieri's Roma in the Europa League at Craven Cottage? Stephen Kelly
26.5%
Brede Hangeland
22.5%
Erik Nevland
13.7%
Paul Konchesky
31.3%
Who scored for Fulham that day? Barry Hayles
24.5%
Luis Boa Morte
31.6%
Louis Saha
30.5%
John Collins
10.5%
Which famous trophy was the first he won in Spain? Intertoto Cup
20.8%
Cup Winners' Cup
8.5%
UEFA Cup
12.7%
Copa del Rey
56.9%
Who scored Fulham's goal in the reverse fixture? Diomansy Kamara
20.1%
Zoltan Gera
23.6%
Bobby Zamora
27.8%
Clint Dempsey
20.6%

You're not logged in!

Compare scores with friends on all Sporcle quizzes.
OR
Log In

Show Comments

Extras

Created Nov 16, 2018ReportNominate

Top Quizzes Today


Score Distribution

Your Account Isn't Verified!

In order to create a playlist on Sporcle, you need to verify the email address you used during registration. Go to your Sporcle Settings to finish the process.

Report this User

Report this user for behavior that violates our Community Guidelines.

Details: